Central Library OPAC University of Rajshahi

Cost accounting : (Record no. 61041)

MARC details
000 -LEADER
fixed length control field 00671nam a2200229 a 4500
001 - CONTROL NUMBER
control field 61041
003 - CONTROL NUMBER IDENTIFIER
rucl marc code BD-RjUL
005 - DATE AND TIME OF LATEST TRANSACTION
control field 20211209080920.0
008 - FIXED-LENGTH DATA ELEMENTS--GENERAL INFORMATION
fixed length control field 170114s1983 nyua b 001 0 eng d
020 ## - INTERNATIONAL STANDARD BOOK NUMBER
International Standard Book Number 0030611210
035 ## - SYSTEM CONTROL NUMBER
System control number (BD-RjUL)61165
040 ## - CATALOGING SOURCE
Original cataloging agency BD-RjUL
Transcribing agency BD-RjUL
Modifying agency BD-RjUL
Language of cataloging eng
041 ## - LANGUAGE CODE
Language code of text/sound track or separate title eng
082 ## - DEWEY DECIMAL CLASSIFICATION NUMBER
Classification number 657.42
Edition number 23
Author mark and year RIC
100 1# - MAIN ENTRY--PERSONAL NAME
Personal name Riahi-Belkaoui, Ahmed,
Dates associated with a name 1943-
9 (RLIN) 182140
245 10 - TITLE STATEMENT
Title Cost accounting :
Remainder of title a multidimensional emphasis /
Statement of responsibility, etc. Ahmed Belkaoui
260 ## - PUBLICATION, DISTRIBUTION, ETC. (IMPRINT)
Place of publication, distribution, etc. Chicago :
Name of publisher, distributor, etc. Dryden Press,
Date of publication, distribution, etc. c1983
300 ## - PHYSICAL DESCRIPTION
Pagination 636 p. :
Illustrations ill. ;
Size 25 cm
504 ## - BIBLIOGRAPHY, ETC. NOTE
Bibliography, etc Includes bibliographies and indexes
650 #0 - SUBJECT ADDED ENTRY--TOPICAL TERM
Topical term or geographic name as entry element Cost accounting
9 (RLIN) 176383
942 ## - ADDED ENTRY ELEMENTS (KOHA)
Source of classification or shelving scheme Dewey Decimal Classification
Koha item type Books
Holdings
Lost status Source of classification or shelving scheme Damaged status Not for loan Collection code Permanent Location Current Location Shelving location Date acquired Source of acquisition Total Checkouts Full call number Date last seen Copy number Koha item type
  Dewey Decimal Classification   Not For Loan Non-fiction Central Library, University of Rajshahi Central Library, University of Rajshahi Reading Room 22/05/1989 Asia foundation   657.42 RIC 15/01/2017 C-1 Books